|
|
|
|
| LEADER |
00000naa2a2200000 4500 |
| 001 |
242731 |
| 005 |
20251215105247.0 |
| 035 |
|
|
|a (RuTPU)RU\TPU\book\264050
|
| 035 |
|
|
|a RU\TPU\book\264048
|
| 090 |
|
|
|a 242731
|
| 100 |
|
|
|a 20130909d2013 k y0rusy50 ca
|
| 101 |
0 |
|
|a rus
|
| 102 |
|
|
|a RU
|
| 135 |
|
|
|a drnn ---uucaa
|
| 181 |
|
0 |
|a i
|
| 182 |
|
0 |
|a b
|
| 200 |
1 |
|
|a Лабораторный макет лазерного монитора
|f И. В. Красников, М. В. Тригуб, Ф. А. Губарев
|g науч. рук. Г. С. Евтушенко
|
| 203 |
|
|
|a Текст
|c электронный
|
| 225 |
1 |
|
|a Приборостроение
|
| 300 |
|
|
|a Заглавие с титульного экрана
|
| 320 |
|
|
|a [Библиогр.: с. 175 (5 назв.)]
|
| 337 |
|
|
|a Adobe Reader
|
| 461 |
|
1 |
|0 (RuTPU)RU\TPU\book\263794
|t Современные техника и технологии
|o сборник трудов XIX международной научно-практической конференции студентов, аспирантов и молодых ученых, Томск, 15-19 апреля 2013 г.
|o в 3 т.
|f Национальный исследовательский Томский политехнический университет (ТПУ)
|d 2013
|
| 463 |
|
1 |
|0 (RuTPU)RU\TPU\book\263795
|t Т. 1
|v [С. 174-175]
|d 2013
|
| 610 |
1 |
|
|a труды учёных ТПУ
|
| 610 |
1 |
|
|a электронный ресурс
|
| 610 |
1 |
|
|a лабораторные макеты
|
| 610 |
1 |
|
|a лазерные мониторы
|
| 610 |
1 |
|
|a оптические системы
|
| 700 |
|
1 |
|a Красников
|b И. В.
|
| 701 |
|
1 |
|a Тригуб
|b М. В.
|c специалист в области неразрушающего контроля
|c профессор Томского политехнического университета, доктор технических наук
|f 1987-
|g Максим Викторович
|3 (RuTPU)RU\TPU\pers\25909
|9 11760
|
| 701 |
|
1 |
|a Губарев
|b Ф. А.
|c специалист в области электроники
|c доцент Томского политехнического университета, кандидат физико-математических наук
|f 1979-
|g Фёдор Александрович
|3 (RuTPU)RU\TPU\pers\25668
|9 11579
|
| 702 |
|
1 |
|a Евтушенко
|b Г. С.
|c российский специалист в области электрофизики
|c профессор Томского политехнического университета, доктор технических наук
|f 1947-
|g Геннадий Сергеевич
|3 (RuTPU)RU\TPU\pers\21960
|4 727
|
| 712 |
0 |
2 |
|a Национальный исследовательский Томский политехнический университет (ТПУ)
|b Институт неразрушающего контроля (ИНК)
|b Кафедра промышленной и медицинской электроники (ПМЭ)
|3 (RuTPU)RU\TPU\col\18719
|
| 801 |
|
2 |
|a RU
|b 63413507
|c 20130919
|g RCR
|
| 856 |
4 |
|
|u http://www.lib.tpu.ru/fulltext/c/2013/C01/V1/086.pdf
|
| 942 |
|
|
|c CF
|